000 00551nam a22002057a 4500
003 OSt
005 20140310182818.0
008 130301t xxu||||| |||| 00| 0 eng d
020 _a9789814410014
050 _aQA 76.9.D3
_b.P729287 2012
245 _aConcepts of Database Management /
_cPratt, Philip J., Adamski, Joseph J.
260 _bThomson
_c2012
300 _a415 p. :
_c26 cm.
_bill. ;
521 _aIT
562 _e1
650 _a1. Database management
650 _a2. Database design
942 _2lcc
_cBK
_kFOR
999 _c16312
_d16312